000 00277nam a2200121Ia 4500
008 190216s9999||||xx |||||||||||||| ||und||
100 _aBatty
245 0 _aIndustrial Administration And Management
260 _bNull
_c1974
300 _a567p
650 _aCommerce
942 _cBK
999 _c4492
_d4492